| 000 | 01642nam0a22003251 4500 | ||
|---|---|---|---|
| 001 | rc\2877833 | ||
| 005 | 20241004101128.0 | ||
| 035 | _a(NLR Aleph) 007030859 | ||
| 090 |
_a6001751 _c6001751 |
||
| 100 | _a20110718d1927 |||y0rusy50 ca | ||
| 101 | 0 | _arus | |
| 102 | _aRU | ||
| 105 | _ay z ||||| | ||
| 200 | 1 |
_aПисьма к брату _eИзбранные места _fМ.О. Гершензон _gВступ. статья и примеч. М. Цявловского |
|
| 210 |
_a[Москва] _cМ. и С. Сабашниковы _d1927 _eЛенинград _gгос. тип. им. Ив. Федорова |
||
| 215 |
_aVII, 231 с., [1] с. объявл. _d24х16 см |
||
| 225 | 1 |
_aЗаписи прошлого _fПод ред. С.В. Бахрушина и М.А. Цявловского _aВоспоминания и письма |
|
| 300 | _aОбложка: А. К[равченко] | ||
| 320 | _aБиблиогр.: указания трудов М.О. Гершензона в "Предисловии" | ||
| 700 | 1 |
_aГершензон _bМ. О. _f1869-1925 _gМихаил Осипович _3RU\NLR\AUTH\772760 |
|
| 702 | 1 |
_aЦявловский _bМ. А. _f1883-1947 _gМстислав Александрович _3RU\NLR\AUTH\7799683 _4570 |
|
| 702 | 1 |
_aКравченко _bА. И. _f1889-1940 _gАлексей Ильич _3RU\NLR\AUTH\770267649 _4570 |
|
| 702 | 1 |
_aБахрушин _bС. В. _f1882-1950 _gСергей Владимирович _3RU\NLR\AUTH\7718363 _4340 |
|
| 801 | 0 |
_aRU _bNLR _gpsbo |
|
| 801 | 1 |
_aRU _bELAR _2rusmarc |
|
| 852 |
_aNLR _j43/343 |
||
| 852 |
_aNLR _bМф _jК1/6599 |
||
| 942 | _cBOOK | ||
| 980 | _aNB | ||